The atmosphere : (Record no. 5859)

MARC details
000 -LEADER
fixed length control field 01157nac a22003251i 4500
003 - CONTROL NUMBER IDENTIFIER
control field EG-ScBUE
005 - DATE AND TIME OF LATEST TRANSACTION
control field 20260121093917.0
008 - FIXED-LENGTH DATA ELEMENTS--GENERAL INFORMATION
fixed length control field 260121t1998 njuab f b 001 0 eng d
020 ## - INTERNATIONAL STANDARD BOOK NUMBER
International Standard Book Number 9780137763030
020 ## - INTERNATIONAL STANDARD BOOK NUMBER
International Standard Book Number 0137763034
040 ## - CATALOGING SOURCE
Original cataloging agency EG-ScBUE
Language of cataloging eng
Description conventions rda
Transcribing agency EG-ScBUE
Modifying agency EG-ScBUE
082 04 - DEWEY DECIMAL CLASSIFICATION NUMBER
Classification number 551.5
Item number LUT
Edition number 22
100 1# - MAIN ENTRY--PERSONAL NAME
Personal name Lutgens, Frederick K.,
Relator term author.
245 14 - TITLE STATEMENT
Title The atmosphere :
Remainder of title an introduction to meteorology /
Statement of responsibility, etc Frederick K. Lutgens, Edward J. Tarbuck, Illinois Central College ; illustrated by Dennis Tasa.
250 ## - EDITION STATEMENT
Edition statement Seventh edition.
264 #1 - PUBLICATION, DISTRIBUTION, ETC. (IMPRINT)
Place of publication, distribution, etc Upper Saddle River, N.J. :
Name of publisher, distributor, etc Prentice Hall,
Date of publication, distribution, etc [1998]
264 #4 - PUBLICATION, DISTRIBUTION, ETC. (IMPRINT)
Date of publication, distribution, etc c1998
300 ## - PHYSICAL DESCRIPTION
Extent xiv, 434 pages :
Other physical details illustrations (some color), maps (some color) ;
Dimensions 26 cm
336 ## - CONTENT TYPE
Source rdacontent
Content type term text
Content type code txt
337 ## - MEDIA TYPE
Media type term unmediated
Source rdamedia
Media type code n
338 ## - CARRIER TYPE
Carrier type term volume
Carrier type code nc
Source rdacarrier
504 ## - BIBLIOGRAPHY, ETC. NOTE
Bibliography, etc Includes bibliographical references and index.
650 #7 - SUBJECT ADDED ENTRY--TOPICAL TERM
Topical term or geographic name as entry element Atmosphere.
Source of heading or term BUEsh
650 #7 - SUBJECT ADDED ENTRY--TOPICAL TERM
Topical term or geographic name as entry element Meteorology.
Source of heading or term BUEsh
650 #7 - SUBJECT ADDED ENTRY--TOPICAL TERM
Topical term or geographic name as entry element Weather.
Source of heading or term BUEsh
655 ## - INDEX TERM--GENRE/FORM
Form subdivision Reading book
700 1# - ADDED ENTRY--PERSONAL NAME
Personal name Tarbuck, Edward J.,
Relator term author.
700 1# - ADDED ENTRY--PERSONAL NAME
Personal name Tasa, Dennis,
Relator term illustrator.
942 ## - ADDED ENTRY ELEMENTS (KOHA)
Koha item type Book - Borrowing
Source of classification or shelving scheme Dewey Decimal Classification
Holdings
Withdrawn status Lost status Damaged status Not for loan Home library Current library Shelving location Date acquired Source of acquisition Total Checkouts Full call number Barcode Date last seen Price effective from Koha item type
        Central Library Central Library First floor 07/11/2007 Purchase   551.5LUT 000007339 15/07/2025 07/11/2007 Book - Borrowing